Proceso penal

Bibliographic Details
Main Author: Duce Mauricio, Riego Cristiǹ
Format: Unknown
Language:Spanish
Published: [Chile] : Jurd̕ica de las Amřicas, 2009
Subjects:
Online Access:Acceso restringido

MARC

LEADER 00000ny a22000003n 4500
005 2011061701161.0
008 991027s2009 sp 000 0 spa d
020 |a 9789687884936 
035 |a 3293 
040 |a BUS  |d vLex 
090 |c 820  |d 820 
100 1 |a Duce Mauricio, Riego Cristiǹ 
245 1 0 |a Proceso penal  |h [Recurso electrn̤ico]  |c Riego Cristiǹ Duce Mauricio 
256 |a Servicio en ln̕ea 
260 |a [Chile] :  |b Jurd̕ica de las Amřicas,  |c 2009 
300 |a p. ;  |c cm 
506 1 |a Contenido solo disponible en los productos indicados  |d vLex Global  |d vLex Global (Academic Edition, excluding Law Schools)  |d vLex Global (U.S. Academic Edition, Law Schools)  |d vLex Global (U.S. Academic Edition, excluding Law Schools)  |d vLex Global (Academic Edition, Law Schools) 
650 0 4 |a Procedimiento penal  |z Chile 
740 0 |a vLex Libros (Servicios en ln̕ea) 
856 4 0 |u http://vlex.com/source/3293  |z Acceso restringido 
942 |c BOOK 
999 0 |a Criminal Law  |b Chile